Statistics for Super Smash Bros. Melee Tier List

Click here to take the quiz!

General Stats

  • This quiz has been taken 177 times
  • The average score is 17 of 26

Answer Stats

TierRankRatingAnswer% Correct
S11.68Fox
90%
S22.36Marth
82%
S33.18Jigglypuff
78%
S43.56Falco
77%
A76.84Peach
71%
A65.82Captain Falcon
70%
F2524.26Kirby
69%
C+1515.53Mario
69%
A54.66Sheik
69%
F2625.74Bowser
68%
B-1212.23Luigi
66%
B+99.62Pikachu
66%
B+109.69Yoshi
64%
B+88.74Ice Climbers
59%
C-1817.66Link
59%
C+1414.83Ganondorf
58%
D2121.63Roy
58%
B+1110.11Samus
58%
D2423.49Zelda
58%
C-1616.42Donkey Kong
56%
B-1312.61Dr. Mario
56%
D2222.07Pichu
56%
D2020.22Mewtwo
53%
D2322.78Ness
53%
C-1717.31Young Link
53%
C-1917.95Mr. Game & Watch
49%

Score Distribution

Percentile by Number Answered

Percent of People with Each Score

Your Score History

You have not taken this quiz